| 000 | 00906cab a22001935a 4500 | ||
|---|---|---|---|
| 001 | L144658 | ||
| 008 | 080804e2008 xxk f v 000 0 eng d | ||
| 035 | _a(Sirsi) u144658 | ||
| 041 | 0 | _aeng | |
| 100 | 1 | _aLeibowitz, David | |
| 245 | 0 | 0 |
_aSolving solvency _bhow to safeguard against a partner's financial fortunes |
| 260 | _c2008 | ||
| 490 | 0 |
_aProperty Forecast _vJuly 2008, 14-15(2) |
|
| 520 | _aConsiders the steps a customer can take to protect against the risk of a supplier to outsourced services becoming insolvent. Covers: performance bonds; consideration of payment terms; trigger events; additional rights; direct agreement with subcontractors or funders; exit provisions; hardware; software/IPR; records and data; supply and licensing contract; transactions that can be set aside. | ||
| 590 | _aKA | ||
| 651 | 4 | _aEngland and Wales | |
| 690 | _aMANAGEMENT-CORPORATE RECOVERY | ||
| 942 | _n0 | ||
| 999 |
_c80536 _d80536 |
||